000
00383nam a2200133Ia 4500
008
100328s9999 xx 000 0 und d
082
_b
34541
100
_a
साठे माया
245
_a
पाटलाचा वाडा
260
_b
प्रिया
630
_a
पाटलाचा वाडा
730
_a
पाटलाचा वाडा
942
_c
BOOK
999
_c
524675
_d
524672